| 000 | 00611nam a2200205Ia 4500 | ||
|---|---|---|---|
| 003 | IEPS | ||
| 005 | 20250703135314.0 | ||
| 008 | 250223s9999||||xx |||||||||||||| ||und|| | ||
| 020 | _a1292067599 | ||
| 040 | _CIEPS | ||
| 041 | _aara | ||
| 082 | _a371.9 | ||
| 100 | _aيحيى خولة احمد | ||
| 245 | 0 | _aالبرامج التربوية للافراد ذوي الحاجات الخاصة | |
| 260 |
_aعمان _bدار المسيرة للنشر والتوزيع _c2005 |
||
| 300 |
_a457 ص. _bجداول _c24 سم. |
||
| 653 | _aاساليب التدريس | ||
| 653 | _aالتعلم | ||
| 942 | _cكتاب | ||
| 999 |
_c13215 _d13215 |
||